Personnages de fiction par boucles d'oreilles - Quiz par Images - Statistiques

Statistiques générales
  • Ce quiz a été pris 301 fois
  • Le résultat moyen est 8 sur 16
Statistiques - réponses
Par images Réponse % Correct
Peach
91%
Ladybug
88%
Génie
76%
Zoro Roronoa
66%
Esmeralda
63%
Luna Lovegood
56%
Rose
56%
Betty Boop
52%
Tanjiro Kamado
43%
Falbala
40%
Bianca Castafiore
36%
Yzma
30%
Patty Bouvier
25%
Reine de Coeur
25%
Yor Forger
9%
Riku
0%
Aucun quiz correspondant
Distribution des résultats
% des personnes avec chaque résultat
Percentile par nombre de réponses
Votre historique - résultats
Vous n’avez pas pris ce quiz